National income analysis (Record no. 1630)

MARC details
000 -LEADER
fixed length control field 00538cam a2200205ua 4500
001 - CONTROL NUMBER
control field 1747
005 - DATE AND TIME OF LATEST TRANSACTION
control field 20260515113400.0
008 - FIXED-LENGTH DATA ELEMENTS--GENERAL INFORMATION
fixed length control field 110824n ii |||gr||||Z||||||eng
020 ## - INTERNATIONAL STANDARD BOOK NUMBER
International Standard Book Number 0-87692-081-4
040 ## - CATALOGING SOURCE
Transcribing agency MAIN
082 ## - DEWEY DECIMAL CLASSIFICATION NUMBER
Classification number 339.32
100 ## - MAIN ENTRY--PERSONAL NAME
Personal name Schultze, Charles L.,
Relator term Author.
245 1# - TITLE STATEMENT
Title National income analysis
Statement of responsibility, etc. by Charles L. Schultze
250 ## - EDITION STATEMENT
Edition statement 3rd.
260 ## - PUBLICATION, DISTRIBUTION, ETC.
Place of publication, distribution, etc. New Delhi:
Name of publisher, distributor, etc. Prentice hall of india pvt. ltd.,975.
300 ## - PHYSICAL DESCRIPTION
Extent 162p:
Dimensions 25cm.
653 ## - INDEX TERM--UNCONTROLLED
Uncontrolled term Economics
653 ## - INDEX TERM--UNCONTROLLED
Uncontrolled term national income analysis
942 ## - ADDED ENTRY ELEMENTS (KOHA)
Koha item type Books
Holdings
Withdrawn status Lost status Damaged status Not for loan Home library Current library Shelving location Date acquired Total checkouts Full call number Barcode Date last seen Copy number Price effective from Koha item type
        Naharkatiya College Library Naharkatiya College Library General stacks 09/19/2020   339.32 | SCH 2223 09/19/2020 1 09/19/2020 Books
        Naharkatiya College Library Naharkatiya College Library General stacks 09/19/2020   339.32 | SCH 2224 09/19/2020 2 09/19/2020 Books